000 00623nam a22002417a 4500
999 _c6543
_d6543
001 6543
003 BD-JhCC
005 20180421120350.0
008 180125b xxu||||| |||| 00| 0 eng d
035 _a(BD-JhCC)6543
040 _aBD-JhCC
_dBD-JhCC
041 _aeng
082 _a920
_bSEV 1960
100 _aSavory, T. H.
245 _aSeven Biologiests /
_cT. H. Savory, F. E. Joselin and John Walton
260 _aLondon :
_bOxford University Press,
_c1960.
300 _a89 p. :
_c18 cm.
650 _aBiography
700 _aJoselin, F. E.
700 _aWalton, John
942 _2ddc
_cBK